Italian Cars by Picture - Statistics

General Stats
  • This quiz has been taken 217 times
    214 since last reset
  • The average score is 43 of 100
Answer Stats
Picture Answer % Correct
Ferrari F40
93%
Lamborghini Aventador LP750-4 Superveloce
92%
Ferrari LaFerrari
90%
Lamborghini Huracán LP610-4
89%
Lamborghini Urus
85%
Pagani Zonda F
85%
Lamborghini Countach
84%
Pagani Huayra
84%
Fiat 500
80%
Ferrari Enzo
79%
Ferrari SF90 Stradale
79%
Lamborghini Gallardo LP560-4 Spyder
79%
Ferrari 458 Italia
75%
Lamborghini Diablo GT
74%
Ferrari F50
72%
Ferrari Roma
72%
Ferrari Testarossa
72%
Lamborghini Miura
72%
Ferrari 488 Pista
70%
Alfa Romeo Giulia
69%
Ferrari Purosangue
69%
Lamborghini Murciélago
69%
Lamborghini Veneno
67%
Lancia Delta Integrale HF
67%
Maserati MC20
67%
Alfa Romeo 4C
64%
Ferrari 250 GTO
64%
Pagani Utopia
64%
Alfa Romeo 8C
62%
Alfa Romeo Stelvio
62%
Lamborghini Sián FKP 37
61%
Ferrari Dino 206 GT
57%
Ferrari F80
57%
Lamborghini Revuelto
57%
Lamborghini Sesto Elemento
57%
Maserati Ghibli
54%
Ferrari F12 Berlinetta
51%
Ferrari FXX K
51%
Lamborghini Reventón
51%
Lancia Stratos
51%
Maserati Levante
51%
Maserati Quattroporte
51%
Ferrari Monza SP1
48%
Lamborghini Centenario Roadster
48%
Ferrari F430
46%
Ferrari 296 GTB
44%
Lamborghini LM002
44%
Maserati GranTurismo
44%
Alfa Romeo Tonale
43%
Fiat 124 Spider
43%
Fiat Grande Punto
43%
Ferrari GTC4Lusso
41%
Ferrari 599
39%
Fiat Multipla
38%
Lamborghini Temerario
38%
Lamborghini Espada Series I
36%
Lancia 037
34%
Pininfarina Battista
34%
Alfa Romeo 159
33%
Maserati Grecale
33%
Alfa Romeo 156 GTA
31%
Alfa Romeo GTV
30%
Maserati GranCabrio
30%
De Tomaso Pantera
28%
Alfa Romeo 164
26%
Alfa Romeo 33 Stradale
26%
Fiat Tipo
26%
Abarth 595 Esseesse
25%
Lamborghini 350 GT
25%
Lamborghini Jarama
25%
Lancia Ypsilon
25%
Ferrari 575 Maranello
23%
Lamborghini Urraco
21%
Fiat Stilo
20%
Fiat Topolino
20%
Alfa Romeo Alfetta
18%
Ferrari 308 GTS
18%
Lamborghini Silhouette
18%
Maserati Bora
18%
Maserati Shamal
18%
De Tomaso Mangusta
15%
De Tomaso P72
15%
Fiat Grande Panda
15%
Maserati 3200 GT
15%
Fiat Dino 2400
13%
Cizeta Moroder V16T
10%
Ferrari 275 GTB
10%
Iso Grifo
10%
Maserati Khamsin
8%
Maserati Mistral
8%
Bizzarrini 5300GT Strada
7%
Fiat 130 Coupe
7%
Iso Rivolta
7%
Autobianchi A112
5%
De Tomaso Guara
5%
Maserati Indy
5%
Maserati Karif
5%
Mazzanti Evantra Pura
5%
Lancia Hyena Zagato
3%
O.S.C.A 1600 GT
3%
No matching quizzes found
Score Distribution
Percent of People with Each Score
Percentile by Number Answered
Your Score History
You have not taken this quiz since the last reset